| 000 | 00461nam a2200181Ia 4500 | ||
|---|---|---|---|
| 001 | 16694 | ||
| 005 | 20260306170329.0 | ||
| 008 | 260306t2021||||xx |||||||||||||| ||und|| | ||
| 041 | _aESP | ||
| 082 |
_a349.4 _bP77 |
||
| 100 |
_aPoncelet, François F., _eAUT |
||
| 245 | 0 | _aIntroducción histórica al derecho civil francés e inglés | |
| 260 | _c2021 | ||
| 300 |
_a184 páginas : _c23 cm. |
||
| 650 | _aGEN | ||
| 654 | _aCDE | ||
| 942 |
_cLIB _dJUS _fJUS _2ddc _n |
||
| 999 |
_c16694 _d16694 |
||